000 01155nam a2200289Ia 4500
001 ebr10574209
003 CaPaEBR
006 m u
007 cr cn|||||||||
008 111102s2010 rm sb 000 0 eng d
020 _z9789731997919
020 _z9789731997926
040 _aCaPaEBR
_cCaPaEBR
035 _a(OCoLC)802059384
050 1 4 _aHM585
_b.S38 2010eb
245 0 0 _aSchutzian research
_h[electronic resource] :
_ba yearbook of worldly phenomenology and qualitative social science.
_nVolume 2,
_p2010 /
_cMichael Barber, editor-in-chief.
260 _a[Bucharest] :
_bZeta Books,
_cc2010.
300 _a226 p.
504 _aIncludes bibliographical references.
533 _aElectronic reproduction.
_bPalo Alto, Calif. :
_cebrary,
_d2011.
_nAvailable via World Wide Web.
_nAccess may be limited to ebrary affiliated libraries.
650 0 _aSociology
_xPhilosophy.
650 0 _aPhenomenology.
655 7 _aElectronic books.
_2local
700 1 _aBarber, Michael.
710 2 _aebrary, Inc.
856 4 0 _uhttp://site.ebrary.com/lib/rucke/Doc?id=10574209
_zAn electronic book accessible through the World Wide Web; click to view
999 _c78025
_d78025